<?xml version="1.0" encoding="UTF-8"?>
<record
    xmlns:xsi="http://www.w3.org/2001/XMLSchema-instance"
    xsi:schemaLocation="http://www.loc.gov/MARC21/slim http://www.loc.gov/standards/marcxml/schema/MARC21slim.xsd"
    xmlns="http://www.loc.gov/MARC21/slim">

  <leader>01428    a2200229   4500</leader>
  <controlfield tag="001">63046</controlfield>
  <controlfield tag="005">20260407155925.0</controlfield>
  <controlfield tag="008">260407a1992    arg                 spa d</controlfield>
  <controlfield tag="003">AR-UNSa-BCEJYS</controlfield>
  <datafield tag="040" ind1=" " ind2=" ">
    <subfield code="a">AR-UNSa-BCEJYS</subfield>
    <subfield code="b">spa</subfield>
    <subfield code="c">AR-UNSa-BCEJYS</subfield>
  </datafield>
  <datafield tag="080" ind1=" " ind2=" ">
    <subfield code="a">37.025</subfield>
    <subfield code="x">M&#xE9;todos de desarrollo de la capacidad intelectual
</subfield>
  </datafield>
  <datafield tag="245" ind1="1" ind2="0">
    <subfield code="a">C&#xF3;mo tomar apuntes</subfield>
  </datafield>
  <datafield tag="020" ind1=" " ind2=" ">
    <subfield code="a">978-84-234-0724-8</subfield>
  </datafield>
  <datafield tag="264" ind1=" " ind2="1">
    <subfield code="a">Bilbao :</subfield>
    <subfield code="b">Ediciones Deusto</subfield>
    <subfield code="c">1992</subfield>
  </datafield>
  <datafield tag="300" ind1=" " ind2=" ">
    <subfield code="a">133 p.</subfield>
    <subfield code="c">22 cm.</subfield>
  </datafield>
  <datafield tag="505" ind1=" " ind2=" ">
    <subfield code="a">PRIMERA PARTE: La toma de apuntes en diez puntos. 1. Establecer una estrategia eficaz - 2. Como preparar la toma de apuntes &#x2013; 3. C&#xF3;mo  localizar lo esencial y lo secundario &#x2013; 4. Como reformular &#x2013; 5. &#xBF;Es necesario hacer anotaciones en un documento de trabajo? &#x2013; 6. C&#xF3;mo utilizar abreviaturas &#x2013; 7. La forma cl&#xE1;sica de coger apuntes &#x2013; 8. Una estructuraci&#xF3;n din&#xE1;mica: los apuntes &lt;&lt;modulares&gt;&gt; - 9. &#xBF;Qu&#xE9; es la toma de apuntes con arreglo a una norma? &#x2013; 10. C&#xF3;mo utilizar los apuntes tomados - SEGUNDA PARTE: Coger apuntes en cinco situaciones particulares. 1. Asisto a una conferencia &#x2013; 2. Preparo una exposici&#xF3;n oral. El caso del examen oral &#x2013; 3. Participo en una reuni&#xF3;n &#x2013; 4. De la entrevista profesional a las encuesta de tipo period&#xED;stico &#x2013; 5. Hago anot6aciones de lectura - </subfield>
  </datafield>
  <datafield tag="041" ind1=" " ind2=" ">
    <subfield code="a">spa</subfield>
  </datafield>
  <datafield tag="942" ind1=" " ind2=" ">
    <subfield code="c">BK</subfield>
  </datafield>
  <datafield tag="590" ind1=" " ind2=" ">
    <subfield code="a">niveau_biblio:m niveau_hierar:0</subfield>
  </datafield>
  <datafield tag="100" ind1="1" ind2=" ">
    <subfield code="a">Hoffbeck, G.</subfield>
  </datafield>
  <datafield tag="700" ind1="1" ind2=" ">
    <subfield code="a">Walter, J.</subfield>
  </datafield>
  <datafield tag="999" ind1=" " ind2=" ">
    <subfield code="c">7947</subfield>
    <subfield code="d">7947</subfield>
  </datafield>
  <datafield tag="952" ind1=" " ind2=" ">
    <subfield code="0">0</subfield>
    <subfield code="1">0</subfield>
    <subfield code="4">0</subfield>
    <subfield code="7">0</subfield>
    <subfield code="a">BCEJYS</subfield>
    <subfield code="b">BCEJYS</subfield>
    <subfield code="c">16</subfield>
    <subfield code="d">2026-04-07</subfield>
    <subfield code="l">0</subfield>
    <subfield code="o">37.025 H698</subfield>
    <subfield code="p">L85014</subfield>
    <subfield code="r">2026-04-07 15:59:25</subfield>
    <subfield code="w">2026-04-07</subfield>
    <subfield code="y">L</subfield>
  </datafield>
</record>
